Baltimore... or Washington, D.C.? - Statistics

General Stats
  • This quiz has been taken 40 times
  • The average score is 10 of 15
Answer Stats
Question Answer % Correct
Was home to Edgar Allen Poe Baltimore
100%
Is home to the headquarters of Under Armour Baltimore
100%
Is home to the National Aquarium Baltimore
90%
Has a busier Amtrak station Washington
90%
Lies on the Potomac River Washington
90%
Has a higher violent crime rate Baltimore
80%
Is a major port Baltimore
70%
Has a subway system Both
70%
Has a beltway Both
70%
Is the primary setting of The Wire Baltimore
60%
Has a team in each of the "Big Four" sports leagues Washington
60%
Has a larger population Washington
50%
Was burned by the British in the War of 1812 Washington
50%
Is home to multiple top 100 universities Washington
10%
Has a bridge named Key Bridge Both
0%
No matching quizzes found
Score Distribution
Percent of People with Each Score
Percentile by Number Answered
Your Score History
You have not taken this quiz